000 00672nam a2200205Ia 4500
003 GCL
008 140319s9999 xx 000 0 ara d
040 _aGCL /
_cGCL
082 0 4 _a921
_bس ت
100 1 _aسلامة موسى
245 1 0 _aتربية سلامة موسى /
_cسلامة موسى
260 _aالقاهرة :
_bسلامة موسى للنشر والتوزيع ،
_c1947
300 _a288 ص ؛
_c24 سم
490 _aالهيئة العامة للاستعلامات
_v0
650 0 4 _aالتراجم الذاتية
650 0 4 _aالفلاسفة
650 0 4 _aالفلاسفة المصريون
650 0 4 _aسلامة موسى
942 _2ddc
_cBK
999 _c47452
_d47452